000 01723nam0a2200373 4500
001 RU\NLR\BIBL_A\022149182
005 20241205100252.0
010 _a978-5-4329-0271-9
_91000
021 _aRU
_bКН-П-24-002384
_9КН-П-24-0213
035 _a(NLR Aleph) 022149182
090 _a12887835
_c12887835
100 _a20240226d2023 u y0rusy50 ca
101 0 _arus
102 _aRU
105 _aach|z|||000za
181 0 _ai3
_baxxe
182 0 _an
200 1 _aБлокада в моей судьбе
_e[книга воспоминаний]
_fБорис Тарасов
203 _aТекст
_bвизуальный
_cнепосредственный
210 _aМосква
_cСказочная дорога
_d2023
215 _a252, [1] с., [8] л. ил., портр., факс.
_cпортр.
_d21
300 _aНа 4-й с. обл. авт.: Тарасов Б. В., ген.-лейт. в отставке
320 _aБиблиогр.: с. 250
606 1 _aБлокада Ленинграда
_jВоспоминания, записки и т.п
_z1941 - 1944
_92077679
_3RU\NLR\AUTH\661253360
686 1 _aТ3(2)722.721,013
686 1 _aЦ35(2)722.11(2Р-4Ле-2Ленинград)
700 1 _aТарасов
_bБ. В.
_cвоенный
_f1932-
_gБорис Васильевич
_9128094
_3RU\NLR\AUTH\770128120
856 4 _lVNP_SKP
_tVIEW
_uhttps://webservices.nlr.ru/viewer/file?name=a022149182_002.txt
_yАннотация
856 4 1 _lVNP_SKP
_tVIEW
_uhttps://webservices.nlr.ru/viewer/file?name=t022149182_001.jpeg
_yОбложка
942 _cBOOK
980 4 _aVNP_SKP
980 _aNB